Guess the FC Barcelona player #6 - Statistics

General Stats
  • This quiz has been taken 27 times
  • The average score is 12 of 16
Answer Stats
Picture Answer % Correct
Johan Cruyff
100%
Lamine Yamal
96%
Samuel Eto’o
96%
Frenkie de Jong
92%
Javier Mascherano
92%
Adama Traoré
88%
Alejandro Balde
85%
Martin Braithwaite
77%
Edgar Davids
69%
Juan Román Riquelme
69%
Paulinho
69%
Gary Lineker
65%
Seydou Keita
62%
Thomas Vermaelen
62%
Pepe Reina
19%
Dmytro Chyhrynskyi
8%
No matching quizzes found
Score Distribution
Percent of People with Each Score
Percentile by Number Answered
Your Score History
You have not taken this quiz